| 000 | 00706nam a22002297a 4500 | ||
|---|---|---|---|
| 003 | OSt | ||
| 005 | 20190422065206.0 | ||
| 008 | 180320b xxu||||| |||| 00| 0 spa d | ||
| 020 | _a8425909309 | ||
| 040 | _cPJ | ||
| 100 |
_93985 _aMesa, Roberto |
||
| 245 | 1 | 3 |
_aLa nueva sociedad internacional / _cRoberto Mesa. |
| 260 |
_aMadrid : _bCentro de Estudios Constitucionales, _c1992. |
||
| 300 |
_a271 p. _c21 cm. |
||
| 490 |
_aEstudios Políticos _v41 |
||
| 500 | _aCitas y notas bibliográficas a pie de página. | ||
| 650 | 0 |
_9348 _aCIENCIAS POLITICAS |
|
| 650 | 0 |
_9500 _aRELACIONES DIPLOMÁTICAS |
|
| 650 | 0 |
_9394 _aDOCTRINAS POLITICAS |
|
| 650 | 0 |
_9734 _aMARXISMO |
|
| 942 |
_2udc _cLIB _h321 _iMES |
||
| 999 |
_c2618 _d2618 |
||